Quick Pick: Roald Dahl By First Chapter Quiz Stats

Quiz Updated Sep 20, 2016

Challenge
Share
Tweet
Embed
Score 0/10 Timer 01:00
1 Play Today
% Correct
The Witches
88.9%
Charlie and the Chocolate Factory
80.7%
Charlie and the Great Glass Elevator
76.9%
Matilda
67.8%
Fantastic Mr Fox
62.3%
The Twits
49.9%
Going Solo
48.5%
Danny, the Champion of the World
40.5%
George's Marvellous Medicine
39.1%
The BFG
36.4%

Today's Daily Dose

You're not logged in!

Compare scores with friends on all Sporcle quizzes.
Join for Free
OR
Log In

You Might Also Like...

Show Comments

Extras

Top Quizzes Today


Score Distribution

Your Account Isn't Verified!

In order to create a playlist on Sporcle, you need to verify the email address you used during registration. Go to your Sporcle Settings to finish the process.

Report this User

Report this user for behavior that violates our Community Guidelines.

Details: